Innovación y desarrollo en áreas rurales /
Guardado en:
| Hovedforfatter: | |
|---|---|
| Institution som forfatter: | |
| Andre forfattere: | |
| Format: | Texto |
| Udgivet: |
Madrid:
M.A.P.A.
|
| Tags: |
Tilføj Tag
Ingen Tags, Vær først til at tagge denne postø!
|
MARC
| LEADER | 00000 a a2200000 04500 | ||
|---|---|---|---|
| 001 | 26510 | ||
| 003 | |||
| 040 | |||
| 090 | |a 148600 | ||
| 100 | |a Canto Fresno, Consuelo del | ||
| 110 | |a España. Ministerio de Agricultura, Pesca y Alimentación | ||
| 245 | |a Innovación y desarrollo en áreas rurales / |c Consuelo del Canto Fresno | ||
| 260 | |a Madrid: |b M.A.P.A. | ||
| 300 | |a 210 p | ||
| 700 | |a Casabianca, Francois de | ||
| 999 | |c 2766 |d 2766 | ||
